000 00615nam a2200205 u 4500
001 000344857
003 AM-YeHGA
005 20250617131159.0
008 040315s1975 ai r 000 0 aze d
040 _aAM-YeHGA
041 0 _aaze
100 1 _aСулейманов, Азиз
245 1 0 _aПьесы =
_bПjеслэр /
_cА. Сулейманов.
246 3 1 _aПjеслэр
260 _aЕреван :
_bАйастан,
_c1975.
300 _a150 с. ;
_c20 см.
546 _aТекст на азерб.
650 1 4 _aАзербайджанская литература
_xПьесы
090 _c132614
999 _c131248
_d131248